Statistics for NFL fantasy players at each position 2023-24

Click here to take the quiz!

General Stats

  • This quiz has been taken 67 times
  • The average score is 9 of 10

Answer Stats

PTSQuarterbacksrunningbacksWide receiversTights endsDefense% Correct
338.2Lamar JacksonKyren WilliamsMike EvansT.J. HockensonJets
96%
294.2Patrick MahomesRachaad WhiteA.J. BrownCole KmetSaints
94%
371.8Jalen HurtsRaheem MostertTyreek HillGeorge KittleRavens
92%
410.6Josh AllenChristian McCaffreyCeedee LambSam LaPortaCowboys
90%
303.1Jared GoffBreece HallDeebo SamuelTaysom HillRaiders
88%
351.8Dak PrescottTravis EtienneAmon-Ra St. BrownTravis KelceBills
87%
306.6Brock PurdyJoe MixonDJ MooreEvan EngramDolphins
85%
284.4Tua TagovailoaDavid MontgomeryNico CollinsJake FurgusonSteelers
85%
284.1Baker MayfieldJahmyr GibbsBrandon AiyukTrey McBride49ers
69%
330.1Jordan LoveDerrick HenryPuka NacuaDavid NjokuBrowns
67%

Score Distribution

Percentile by Number Answered

Percent of People with Each Score

Your Score History

You have not taken this quiz